000 00248nam a2200097Ia 4500
008 170619s9999 xx 000 0 und d
100 _aKUMAR- BALBIR/ JAIN-S B
245 0 _aELECTRONIC DEVICES AND CIRCUITS
260 _bNew Delhi : New Age
260 _c2007
546 _aENGLISH
999 _c18424
_d18424